Estadísticas para Países en emojis: África, Asia Occidental y Asia Central

Haz click aquí para intentar la prueba.

Estadísticas generales

  • Esta prueba ha sido intentada 39 veces
    (31 desde el último reinicio)
  • La puntuación promedio es 11 de 32

Estadísticas de respuestas

Respuesta% Correcto
Arabia Saudí
71%
Irak
71%
Argelia
64%
Israel
61%
Guinea Ecuatorial
57%
Irán
50%
Liberia
46%
Angola
43%
Egipto
43%
Kenia
43%
Tanzania
43%
Camerún
39%
Congo
39%
Emiratos Árabes Unidos
39%
Catar
36%
Nigeria
36%
Sudáfrica
36%
Marruecos
32%
Cabo Verde
29%
Ruanda
29%
Somalia
29%
Turquía
29%
Kazajistán
25%
Namibia
25%
Sudán
21%
Etiopía
18%
Túnez
18%
Armenia
14%
Georgia
14%
Azerbaiyán
11%
Líbano
11%
Níger
7%

Distribución de puntuación

Porcentaje por número respondido

Porcentaje de gente con cada puntuación

Historial de tus puntuaciones

No has intentado esta prueba desde el último reinicio